Normal view
MARC view
- Environmental Architecture
Entry Topical Term
001 - CONTROL NUMBER
- control field: 19725
003 - CONTROL NUMBER IDENTIFIER
- control field: OSt
005 - DATE AND TIME OF LATEST TRANSACTION
- control field: 20220803171742.0
008 - FIXED-LENGTH DATA ELEMENTS
- fixed length control field: 220803|| aca||aabn | a|a d
040 ## - CATALOGING SOURCE
- Original cataloging agency: OSt
- Transcribing agency: OSt
150 ## - HEADING--TOPICAL TERM
- Topical term or geographic name entry element: Environmental Architecture
670 ## - SOURCE DATA FOUND
- Source citation: Work cat.: (OSt)13393: Pachauri R K Ed. 19724, Directions Innovations And Strategies for Harnessing Action For Sustainable Development, 2001